00955nam a2200217 a 450000100100000000500170001000800410002702000180006804000250008610000310011124501850014226000560032730000210038349000460040450000420045050400320049270000420052483000490056695201050061599900170072000003961420201002033639.0130711s2012 sp 000 0 spa d a9788497172264 aDO-SdBNPbspacBNPHU1 aGil Amate, Virginia96578610aSueños de unidad hispánica en el siglo XVIII :bun estudio de tardes americanas de José Joaquín Granados y Gálvez /cVirginia Gil Amante ; prólogo José Carlos Rovira. aMurcia, España :bUniversidad de Alicante,c2012. a284 p. ;c19 cm.1 aCuadernos de américa sin nombrevno. 30 aIncluye notas al pie de las páginas aBibliografía : p. 269-2841 aRovira, José Carlos,epról.97439 0aCuadernos de américa sin nombren30965787 001050718MOaGRbGRcCTd2013-07-11iLF1l0o p39614-10r2020-06-25w2020-06-25y1ZNo se presta c39104d39104